000 00497nam a2200181Ia 4500
005 20250508151057.0
008 008 250505s9999 xx 000 0 hin d
037 _aTextual
040 _aFEDL
_beng
_cFEDL
041 _ahin
_2eng
084 _a398, SAT
_qFEDL
100 _aSatyarthi Devendra
245 0 _aBajat aave ddhol: ek lokgeet adhyayan
260 _aNew Delhi, India
_bAsia Prakashan
_c1952
300 _a159p
942 _cTEXL
_h398, SAT
999 _c1327445
_d1327445